[Event "36. Copenhagen Open (Politiken Cup)"]
[Site "Elsinore"]
[Date "2014.07.26"]
[Round "7"]
[White "Le Roux, Jean Pierre"]
[Black "Schroeder, Jan Christian"]
[Result "0-1"]
[WhiteElo "2560"]
[BlackElo "2370"]
[PlyCount "138"]
[EventDate "2014.07.21"]
[EventType "swiss"]
[EventRounds "10"]
[EventCountry "DEN"]
[Source "ChessBase"]
[SourceDate "2014.08.29"]

1. e4 e5 2. Nf3 Nc6 3. d4 exd4 4. Nxd4 Bb4+ 5. c3 Bc5 6. Be3 Bb6 7. Nf5 Bxe3 8.
Nxe3 d6 9. g3 Nge7 10. Bg2 O-O 11. O-O Kh8 12. f4 f5 13. Nd2 fxe4 14. Nxe4 Nf5
15. Re1 Nce7 16. Ng5 c6 17. Qh5 Nh6 18. Rad1 d5 19. h3 Nef5 20. Kh2 Qf6 21. Ng4
Nxg4+ 22. hxg4 Nh6 23. Bh3 Bd7 24. Nf3 Be8 25. Qe5 Qxe5 26. Nxe5 Nf7 27. Nf3
Nd6 28. Re6 Rd8 29. Ne5 Nf7 30. g5 Nxe5 31. Rxe5 Kg8 32. Bf5 Bd7 33. Bd3 Rfe8
34. Rde1 g6 35. Kg2 Rxe5 36. Rxe5 Kf7 37. Kf3 Rh8 38. c4 Be6 39. f5 gxf5 40.
cxd5 Bxd5+ 41. Kf4 Be6 42. Bxf5 Bxf5 43. Rxf5+ Kg7 44. b4 Rd8 45. Ke3 Rd1 46.
a4 Ra1 47. Ra5 a6 48. Kd4 Kg6 49. Kc5 Rb1 50. Kc4 Re1 51. Kd4 Re7 52. b5 Rd7+
53. Kc4 axb5+ 54. axb5 cxb5+ 55. Rxb5 Kh5 56. g6+ Kxg6 57. g4 Rg7 58. Kd4 Kf6
59. Ke3 Ke6 60. g5 Kd6 61. Kd4 Kc6 62. Rc5+ Kb6 63. Rf5 Rc7 64. Rf6+ Ka5 65. g6
hxg6 66. Rxg6 b5 67. Rg1 b4 68. Ra1+ Kb5 69. Rb1 Rd7+ 0-1

[Event "36. Copenhagen Open (Politiken Cup)"]
[Site "Elsinore"]
[Date "2014.07.26"]
[Round "7"]
[White "Liedbeck, Patrik"]
[Black "Rossen, Claus"]
[Result "1/2-1/2"]
[WhiteElo "1858"]
[BlackElo "2123"]
[PlyCount "54"]
[EventDate "2014.07.21"]
[EventType "swiss"]
[EventRounds "10"]
[EventCountry "DEN"]
[Source "ChessBase"]
[SourceDate "2014.08.29"]

1. e4 c5 2. Nf3 Nc6 3. d4 cxd4 4. Nxd4 e5 5. Nb5 a6 6. Nd6+ Bxd6 7. Qxd6 Qf6 8.
Qd2 Qg6 9. f3 Nge7 10. c4 d6 11. Nc3 f5 12. Bd3 O-O 13. b3 Nd4 14. Bb2 fxe4 15.
Nxe4 Rxf3 16. Bxd4 Rxd3 17. Qxd3 Bf5 18. Be3 Bxe4 19. Qd2 Qxg2 20. Qxg2 Bxg2
21. Rg1 Be4 22. O-O-O Nf5 23. Rge1 Bc6 24. Bb6 Re8 25. Bc7 Re6 26. c5 dxc5 27.
Rxe5 Rxe5 1/2-1/2

[Event "36. Copenhagen Open (Politiken Cup)"]
[Site "Elsinore"]
[Date "2014.07.26"]
[Round "7"]
[White "Lindblom, Roar"]
[Black "Biasi, Grace"]
[Result "1-0"]
[WhiteElo "1865"]
[BlackElo "1668"]
[PlyCount "55"]
[EventDate "2014.07.21"]
[EventType "swiss"]
[EventRounds "10"]
[EventCountry "DEN"]
[Source "ChessBase"]
[SourceDate "2014.08.29"]

1. d4 d5 2. c4 c6 3. Nf3 Nf6 4. Nc3 dxc4 5. a4 Bf5 6. e3 e6 7. Bxc4 Bb4 8. O-O
Nbd7 9. Qe2 Bg4 10. Rd1 Qc7 11. e4 O-O-O 12. Bg5 Qa5 13. e5 h6 14. Be3 Nd5 15.
Nxd5 exd5 16. Bd3 c5 17. b3 Kb8 18. Rac1 Bc3 19. dxc5 Nxe5 20. Bf4 f6 21. Nxe5
Bxe2 22. Nc6+ Ka8 23. Nxa5 Bxd1 24. Rxc3 Rhe8 25. Kf1 Bg4 26. c6 b6 27. Ba6 Bc8
28. Bb7+ 1-0

[Event "36. Copenhagen Open (Politiken Cup)"]
[Site "Elsinore"]
[Date "2014.07.26"]
[Round "7"]
[White "Lofgren, Claes"]
[Black "Lauridsen, Jesper Morch"]
[Result "1/2-1/2"]
[WhiteElo "2109"]
[BlackElo "2244"]
[PlyCount "82"]
[EventDate "2014.07.21"]
[EventType "swiss"]
[EventRounds "10"]
[EventCountry "DEN"]
[Source "ChessBase"]
[SourceDate "2014.08.29"]

1. d4 d5 2. c4 e6 3. Nf3 c5 4. cxd5 exd5 5. g3 Nc6 6. Bg2 Nf6 7. O-O Be7 8. Nc3
O-O 9. b3 Re8 10. Bb2 Bg4 11. dxc5 Bxc5 12. Rc1 Bf8 13. Nb5 Qa5 14. a4 Ne4 15.
Nfd4 a6 16. Nxc6 bxc6 17. Nd4 c5 18. f3 cxd4 19. fxg4 Bc5 20. Bxd4 Nc3 21. b4
Nxd1 22. Bxc5 Qxa4 23. Rcxd1 Rxe2 24. Bxd5 Rc8 25. Bxf7+ Kh8 26. Bc4 Rc2 27.
Be6 Qc6 28. Bd5 Qh6 29. h4 a5 30. Bd4 R2c7 31. bxa5 Qd6 32. Rf4 Rc1 33. Rxc1
Rxc1+ 34. Kh2 Rd1 35. a6 Rd2+ 36. Kh3 h5 37. a7 Qxd5 38. Rf8+ Kh7 39. a8=Q
hxg4+ 40. Kxg4 Rxd4+ 41. Kh3 Qe6+ 1/2-1/2

[Event "36. Copenhagen Open (Politiken Cup)"]
[Site "Elsinore"]
[Date "2014.07.26"]
[Round "7"]
[White "Louis, Thibault"]
[Black "Pedersen, Henrik Bolding"]
[Result "0-1"]
[WhiteElo "2249"]
[BlackElo "2134"]
[PlyCount "76"]
[EventDate "2014.07.21"]
[EventType "swiss"]
[EventRounds "10"]
[EventCountry "DEN"]
[Source "ChessBase"]
[SourceDate "2014.08.29"]

1. e4 c6 2. d4 d5 3. e5 c5 4. dxc5 Nc6 5. Nf3 Bg4 6. c3 e6 7. b4 Qc7 8. Nbd2
Nge7 9. Qa4 Bxf3 10. Nxf3 Ng6 11. b5 Qa5 12. Qxa5 Nxa5 13. Be3 Be7 14. Rb1 O-O
15. Rb4 Rfc8 16. Ra4 Bd8 17. Bd3 Nf8 18. Kd2 Nd7 19. c6 bxc6 20. bxc6 Nxc6 21.
Rb1 Ncxe5 22. Nxe5 Nxe5 23. Rxa7 Nc6 24. Rxa8 Rxa8 25. Rb2 Bf6 26. a4 g6 27.
Bb5 Rc8 28. Ba6 Rc7 29. Rb7 Rxb7 30. Bxb7 Na5 31. Ba6 Bd8 32. Bc5 Nb3+ 33. Ke3
Nxc5 34. Bb5 Bb6 35. Kf4 f6 36. g4 Kf7 37. h4 Ba5 38. c4 d4 0-1

[Event "36. Copenhagen Open (Politiken Cup)"]
[Site "Elsinore"]
[Date "2014.07.26"]
[Round "7"]
[White "Loveid, Erik"]
[Black "Plata Fernandez, Diego"]
[Result "1/2-1/2"]
[WhiteElo "1490"]
[BlackElo "1745"]
[PlyCount "79"]
[EventDate "2014.07.21"]
[EventType "swiss"]
[EventRounds "10"]
[EventCountry "DEN"]
[Source "ChessBase"]
[SourceDate "2014.08.29"]

1. d4 d5 2. Nf3 Nf6 3. e3 Bf5 4. Bd3 Ne4 5. O-O e6 6. Bxe4 dxe4 7. Nfd2 Qg5 8.
f4 Qg6 9. Qe1 Nd7 10. Nc4 Qf6 11. Qg3 Be7 12. b3 Rg8 13. Ba3 O-O-O 14. Bxe7
Qxe7 15. a4 g5 16. Nc3 gxf4 17. Qxf4 Rg4 18. Qf2 Rdg8 19. g3 h5 20. Ne2 h4 21.
Rfb1 f6 22. Kf1 Qh7 23. Ke1 Qh6 24. Kd2 Bh7 25. Rg1 h3 26. Nf4 e5 27. dxe5 Nxe5
28. Nxe5 fxe5 29. Ne2 Rf8 30. Qe1 Qd6+ 31. Kc3 Rf3 32. Rf1 Rxe3+ 33. Kb2 Rf3
34. Rd1 Qh6 35. Nc3 Rxf1 36. Qxf1 Qg7 37. Qxh3 e3 38. Re1 Qg6 39. Qg2 Qb6 40.
Qf3 1/2-1/2

[Event "36. Copenhagen Open (Politiken Cup)"]
[Site "Elsinore"]
[Date "2014.07.26"]
[Round "7"]
[White "Lunde, Sigmund"]
[Black "Nielsen, Klaus"]
[Result "1-0"]
[WhiteElo "1879"]
[BlackElo "2067"]
[PlyCount "111"]
[EventDate "2014.07.21"]
[EventType "swiss"]
[EventRounds "10"]
[EventCountry "DEN"]
[Source "ChessBase"]
[SourceDate "2014.08.29"]

1. d4 d5 2. Nf3 e6 3. g3 c5 4. c3 Nc6 5. Bg2 Nf6 6. O-O Be7 7. b3 O-O 8. Ne5
Nxe5 9. dxe5 Nd7 10. f4 f6 11. exf6 Bxf6 12. e4 dxe4 13. Bxe4 Qc7 14. Bb2 e5
15. f5 Bg5 16. Qe2 Nf6 17. Bg2 Bd7 18. c4 Rae8 19. Nc3 Qc8 20. h4 Bh6 21. g4
Nxg4 22. Qxg4 Be3+ 23. Kh1 Bxf5 24. Qe2 Bd4 25. Rae1 g6 26. Nd1 Qd8 27. Bd5+
Kg7 28. Qh2 e4 29. Ne3 Qf6 30. Re2 b6 31. b4 h5 32. bxc5 bxc5 33. Rg2 Kh7 34.
Bxd4 cxd4 35. Nxf5 gxf5 36. Rg5 f4 37. Qe2 f3 38. Bxe4+ Kh6 39. Rxf3 Qxf3+ 40.
Bxf3 Rxe2 41. Rxh5+ Kg6 42. Rg5+ Kf6 43. Bxe2 Re8 44. Rg2 Kf5 45. Bd3+ Kf4 46.
h5 Re3 47. Kh2 Re5 48. Bg6 d3 49. h6 Ke3 50. Rg3+ Kf4 51. Rxd3 Re2+ 52. Kh3 Re1
53. h7 Rh1+ 54. Kg2 Rh6 55. Rd6 Ke5 56. c5 1-0

[Event "36. Copenhagen Open (Politiken Cup)"]
[Site "Elsinore"]
[Date "2014.07.26"]
[Round "7"]
[White "Maechel, Michael"]
[Black "Nielsen, Bjorn"]
[Result "1-0"]
[WhiteElo "1718"]
[BlackElo "1417"]
[PlyCount "69"]
[EventDate "2014.07.21"]
[EventType "swiss"]
[EventRounds "10"]
[EventCountry "DEN"]
[Source "ChessBase"]
[SourceDate "2014.08.29"]

1. e4 e5 2. Nf3 d6 3. d4 exd4 4. Nxd4 Nf6 5. Bg5 Be7 6. Nc3 O-O 7. Bc4 Bd7 8.
Qd2 Nc6 9. Nxc6 Bxc6 10. f3 Nd7 11. Bxe7 Qxe7 12. O-O-O Ne5 13. Bb3 Kh8 14. h4
Qf6 15. Kb1 h6 16. h5 Nd7 17. Bd5 Nb8 18. f4 Bxd5 19. Nxd5 Qd8 20. g4 f6 21. f5
c6 22. Nf4 Kh7 23. Ne6 Qe7 24. Nxf8+ Qxf8 25. Qxd6 Na6 26. e5 fxe5 27. Qg6+ Kh8
28. g5 Qg8 29. gxh6 gxh6 30. Qxh6+ Qh7 31. Qxh7+ Kxh7 32. Rd7+ Kh6 33. Rg1 Nc5
34. Rg6+ Kxh5 35. Rh7# 1-0

[Event "36. Copenhagen Open (Politiken Cup)"]
[Site "Elsinore"]
[Date "2014.07.26"]
[Round "7"]
[White "Matlakov, Maxim"]
[Black "Schandorff, Lars"]
[Result "1-0"]
[WhiteElo "2685"]
[BlackElo "2529"]
[PlyCount "75"]
[EventDate "2014.07.21"]
[EventType "swiss"]
[EventRounds "10"]
[EventCountry "DEN"]
[Source "ChessBase"]
[SourceDate "2014.08.29"]

1. d4 Nf6 2. c4 e6 3. Nf3 Bb4+ 4. Bd2 c5 5. Bxb4 cxb4 6. e3 O-O 7. Be2 d6 8.
O-O Nc6 9. a3 bxa3 10. Rxa3 e5 11. h3 Bf5 12. Nc3 a6 13. Qd2 Rc8 14. Rd1 Re8
15. Rb3 exd4 16. Nxd4 Nxd4 17. exd4 Re7 18. Rc1 Be6 19. d5 Bf5 20. Bf1 Qd7 21.
Ra3 h6 22. b4 Qd8 23. Qd4 Ne4 24. Na4 a5 25. Nb6 axb4 26. Nxc8 Qxc8 27. Re3 Re5
28. f4 Re8 29. Rce1 Nf6 30. Rxe8+ Nxe8 31. Qb6 Nf6 32. Qxb4 Ne4 33. g4 Bh7 34.
f5 Nc5 35. Qb6 Qd7 36. Qc7 f6 37. Qb8+ Kf7 38. Re6 1-0

[Event "36. Copenhagen Open (Politiken Cup)"]
[Site "Elsinore"]
[Date "2014.07.26"]
[Round "7"]
[White "Matthiesen, Martin"]
[Black "Taksrud, Vidar"]
[Result "0-1"]
[WhiteElo "2316"]
[BlackElo "2024"]
[PlyCount "90"]
[EventDate "2014.07.21"]
[EventType "swiss"]
[EventRounds "10"]
[EventCountry "DEN"]
[Source "ChessBase"]
[SourceDate "2014.08.29"]

1. d4 Nf6 2. c4 e6 3. Nf3 c5 4. d5 b5 5. Bg5 h6 6. Bh4 exd5 7. cxd5 Qa5+ 8. Nc3
Ne4 9. Qd3 Nxc3 10. bxc3 Bd6 11. e4 O-O 12. Be2 c4 13. Qc2 Re8 14. O-O Na6 15.
a4 Nc5 16. axb5 Qxb5 17. Rfb1 Nb3 18. Ra2 a5 19. Nd4 Nxd4 20. cxd4 Bb4 21. Bxc4
Qb6 22. Qd3 Ba6 23. Bxa6 Rxa6 24. f3 Ra7 25. Be1 Rb8 26. Rab2 Qc7 27. d6 Qc6
28. d5 Qxd6 29. Bg3 Qb6+ 30. Bf2 Qa6 31. Qxa6 Rxa6 32. Kf1 Rc8 33. Ke2 Bd6 34.
Kd3 a4 35. Rb6 Rca8 36. Rb7 a3 37. Bd4 a2 38. Ra1 Ra3+ 39. Kc2 Rc8+ 40. Kb2 Rd3
41. e5 Bf8 42. Ba7 Ba3+ 43. Kxa2 Rc2+ 44. Kb1 Rc1+ 45. Ka2 Rd2+ 0-1

[Event "36. Copenhagen Open (Politiken Cup)"]
[Site "Elsinore"]
[Date "2014.07.26"]
[Round "7"]
[White "Mehringer, Joerg"]
[Black "Brondum, Eric"]
[Result "0-1"]
[WhiteElo "1939"]
[BlackElo "2119"]
[PlyCount "82"]
[EventDate "2014.07.21"]
[EventType "swiss"]
[EventRounds "10"]
[EventCountry "DEN"]
[Source "ChessBase"]
[SourceDate "2014.08.29"]

1. e4 g6 2. g3 Bg7 3. Bg2 d6 4. Ne2 c5 5. O-O e6 6. c3 Ne7 7. d4 cxd4 8. cxd4
O-O 9. Nbc3 b6 10. e5 d5 11. Nb5 Ba6 12. Nd6 Nbc6 13. f4 Bxe2 14. Qxe2 Nxd4 15.
Qd3 Ndf5 16. Nb5 a6 17. Nc3 h5 18. h3 Nc6 19. g4 Nb4 20. Qd2 hxg4 21. hxg4 Nh6
22. g5 Nf5 23. Ne4 dxe4 24. Qxb4 Rc8 25. Bxe4 a5 26. Qe1 Qd4+ 27. Kh2 Rfd8 28.
Bxf5 gxf5 29. Be3 Qxb2+ 30. Rf2 Rc2 31. Bxb6 Rdd2 32. Kg3 Rxf2 33. Bxf2 Rxf2
34. Rb1 Re2 35. Rxb2 Rxe1 36. Rb8+ Bf8 37. Ra8 Re3+ 38. Kh4 Ra3 39. g6 Rxa2 40.
gxf7+ Kg7 41. Ra6 Kxf7 0-1

[Event "36. Copenhagen Open (Politiken Cup)"]
[Site "Elsinore"]
[Date "2014.07.26"]
[Round "7"]
[White "Meier, Georg"]
[Black "Tari, Aryan"]
[Result "1-0"]
[WhiteElo "2632"]
[BlackElo "2412"]
[PlyCount "115"]
[EventDate "2014.07.21"]
[EventType "swiss"]
[EventRounds "10"]
[EventCountry "DEN"]
[Source "ChessBase"]
[SourceDate "2014.08.29"]

1. d4 Nf6 2. c4 g6 3. Nc3 d5 4. Nf3 Bg7 5. Qb3 dxc4 6. Qxc4 O-O 7. e4 a6 8. Be2
b5 9. Qb3 c5 10. dxc5 Bb7 11. e5 Nfd7 12. Be3 Nxe5 13. Nxe5 Bxe5 14. Rd1 Qc7
15. Nd5 Bxd5 16. Qxd5 Nc6 17. Bf3 Rac8 18. Qxc6 Qxc6 19. Bxc6 Rxc6 20. Rd2 Rfc8
21. Ke2 Kf8 22. Rhd1 Ke8 23. f4 Bf6 24. g4 e6 25. g5 Bg7 26. h4 a5 27. Rd7 R6c7
28. Rxc7 Rxc7 29. Rd6 e5 30. fxe5 Bxe5 31. Ra6 Bxb2 32. Rxa5 b4 33. Kd3 Ke7 34.
Ra6 Be5 35. Ke4 Bg3 36. Bd4 Bxh4 37. Bf6+ Kd7 38. Kd5 Rc8 39. Rb6 h5 40. gxh6
Bxf6 41. Rxf6 Ke7 42. Rb6 Rd8+ 43. Ke5 f6+ 44. Rxf6 Rd2 45. Rxg6 Re2+ 46. Kd5
Rxa2 47. Rb6 Rd2+ 48. Kc4 Rh2 49. Kxb4 Kd7 50. Rg6 Kc7 51. Kc4 Kd7 52. c6+ Kc7
53. Kd5 Rh5+ 54. Ke6 Kxc6 55. Kf7+ Kd7 56. Kg7 Re5 57. h7 Re7+ 58. Kh6 1-0

[Event "36. Copenhagen Open (Politiken Cup)"]
[Site "Elsinore"]
[Date "2014.07.26"]
[Round "7"]
[White "Meurman, Arne"]
[Black "Olsson, Tomas"]
[Result "1/2-1/2"]
[WhiteElo "2062"]
[BlackElo "1872"]
[PlyCount "70"]
[EventDate "2014.07.21"]
[EventType "swiss"]
[EventRounds "10"]
[EventCountry "DEN"]
[Source "ChessBase"]
[SourceDate "2014.08.29"]

1. e4 e5 2. Nf3 Nc6 3. Bb5 a6 4. Ba4 d6 5. O-O Bd7 6. c3 Nf6 7. Re1 g6 8. d4 b5
9. Bb3 Bg7 10. Qd3 O-O 11. Nbd2 Re8 12. a4 Na5 13. Bc2 c5 14. dxc5 dxc5 15.
axb5 axb5 16. Nf1 Qc7 17. h3 Bc6 18. Qe2 h6 19. N3h2 h5 20. Qf3 Nc4 21. Rxa8
Rxa8 22. Nd2 Nd6 23. Qe3 c4 24. f4 Bh6 25. g3 Re8 26. Nhf3 exf4 27. gxf4 Nfxe4
28. Nxe4 Bxe4 29. Qf2 Bxc2 30. Qxc2 Rxe1+ 31. Nxe1 Nf5 32. Qe4 Qc5+ 33. Kg2
Nh4+ 34. Kf1 Nf5 35. Kg2 Nh4+ 1/2-1/2

[Event "36. Copenhagen Open (Politiken Cup)"]
[Site "Elsinore"]
[Date "2014.07.26"]
[Round "7"]
[White "Moller, Arne"]
[Black "Sajjadi, Kimiya"]
[Result "1-0"]
[WhiteElo "1886"]
[BlackElo "1531"]
[PlyCount "65"]
[EventDate "2014.07.21"]
[EventType "swiss"]
[EventRounds "10"]
[EventCountry "DEN"]
[Source "ChessBase"]
[SourceDate "2014.08.29"]

1. e4 e6 2. d4 d5 3. Nd2 Ne7 4. Ngf3 b6 5. e5 Ba6 6. Bxa6 Nxa6 7. Qe2 Nb8 8.
O-O Nf5 9. b4 Be7 10. c3 O-O 11. Nb3 Nd7 12. b5 c5 13. a4 Qc7 14. Ba3 c4 15.
Bxe7 Nxe7 16. Nbd2 a5 17. Nh4 Rae8 18. f4 Nf5 19. Nxf5 exf5 20. Qh5 f6 21. Qf3
fxe5 22. Qxd5+ Kh8 23. fxe5 Rc8 24. Nxc4 Qxc4 25. Qxd7 Rfd8 26. Qxf5 Qxc3 27.
Rad1 Qe3+ 28. Kh1 h6 29. Qg4 Rc4 30. Rf7 Rg8 31. e6 Rc1 32. d5 Rgc8 33. Qxg7#
1-0

[Event "36. Copenhagen Open (Politiken Cup)"]
[Site "Elsinore"]
[Date "2014.07.26"]
[Round "7"]
[White "Mottonen, Ari"]
[Black "Rorvik, Jon Fredrik"]
[Result "1/2-1/2"]
[WhiteElo "2000"]
[BlackElo "2151"]
[PlyCount "107"]
[EventDate "2014.07.21"]
[EventType "swiss"]
[EventRounds "10"]
[EventCountry "DEN"]
[Source "ChessBase"]
[SourceDate "2014.08.29"]

1. Nf3 d5 2. g3 Nf6 3. Bg2 Nbd7 4. d4 e6 5. O-O Be7 6. c4 c6 7. Qc2 O-O 8. Nbd2
b6 9. b3 Bb7 10. Bb2 Rc8 11. e4 dxe4 12. Nxe4 Nxe4 13. Qxe4 Qc7 14. Qe2 Nf6 15.
Rfd1 Rfd8 16. Rd3 c5 17. Rad1 cxd4 18. Rxd4 Rxd4 19. Rxd4 Rd8 20. Qd1 Rxd4 21.
Qxd4 Bc5 22. Qe5 Bxf2+ 23. Kf1 Qxe5 24. Nxe5 Bxg2+ 25. Kxf2 Bb7 26. Ke3 Ne4 27.
b4 f6 28. Nd3 Nd6 29. Kd4 e5+ 30. Kc3 Kf7 31. c5 Ne4+ 32. Kc4 bxc5 33. Nxc5
Nd6+ 34. Kd3 Bd5 35. a4 h5 36. Bc1 Bc4+ 37. Kc3 Bd5 38. b5 Ke7 39. Be3 Nc8 40.
Na6 Kd7 41. Kb4 Bf3 42. a5 g6 43. Kc5 Bg2 44. b6 axb6+ 45. axb6 Bb7 46. Nb4 Ke6
47. Nc6 Bxc6 48. Kxc6 Nxb6 49. Bxb6 Kf5 50. Kd5 Kg4 51. Bd8 Kh3 52. Bxf6 Kxh2
53. Bxe5 Kh3 54. Ke4 1/2-1/2

[Event "36. Copenhagen Open (Politiken Cup)"]
[Site "Elsinore"]
[Date "2014.07.26"]
[Round "7"]
[White "Muschik, Benedikt"]
[Black "Gajic, Mladen"]
[Result "1-0"]
[WhiteElo "2353"]
[BlackElo "2201"]
[PlyCount "113"]
[EventDate "2014.07.21"]
[EventType "swiss"]
[EventRounds "10"]
[EventCountry "DEN"]
[Source "ChessBase"]
[SourceDate "2014.08.29"]

1. d4 Nf6 2. Bf4 c5 3. e3 Nd5 4. Bg3 Qb6 5. Nc3 Nxc3 6. bxc3 d5 7. Bxb8 Rxb8 8.
Qb1 Qc7 9. Bb5+ Kd8 10. dxc5 Qxc5 11. Ne2 a6 12. Bxa6 e6 13. Bd3 Bd6 14. Qb5
Qc7 15. Qa4 Be5 16. Qb3 Bd7 17. Rb1 h5 18. Qb6 Qxb6 19. Rxb6 Kc7 20. Rb2 Ra8
21. Kd2 Ra7 22. Rhb1 Rha8 23. f4 Bf6 24. Bb5 Bc6 25. a4 Bxb5 26. Rxb5 Rb8 27.
a5 g6 28. Nd4 Bxd4 29. cxd4 Ra6 30. Rc5+ Rc6 31. Rxc6+ Kxc6 32. Rb6+ Kc7 33.
Rb5 Ra8 34. c4 Kc6 35. Kc3 Ra6 36. Kb4 dxc4 37. Kxc4 Kc7 38. e4 Rd6 39. Rc5+
Kb8 40. g3 Rd7 41. h3 Rd8 42. g4 hxg4 43. hxg4 Rh8 44. d5 exd5+ 45. Rxd5 Kc7
46. f5 Re8 47. Kd4 gxf5 48. Rxf5 Re7 49. Ke3 b6 50. axb6+ Kxb6 51. Kf4 Kc6 52.
Re5 Ra7 53. Kf5 Ra1 54. Kf6 Kd6 55. Rd5+ Kc6 56. Kxf7 Rf1+ 57. Rf5 1-0

[Event "36. Copenhagen Open (Politiken Cup)"]
[Site "Elsinore"]
[Date "2014.07.26"]
[Round "7"]
[White "Myhre, Mads Wollan"]
[Black "Jacobsen, Mikkel Manosri"]
[Result "0-1"]
[WhiteElo "1509"]
[BlackElo "2030"]
[PlyCount "86"]
[EventDate "2014.07.21"]
[EventType "swiss"]
[EventRounds "10"]
[EventCountry "DEN"]
[Source "ChessBase"]
[SourceDate "2014.08.29"]

1. c4 c6 2. g3 d5 3. cxd5 cxd5 4. Bg2 Nf6 5. Nf3 Nc6 6. O-O e5 7. d3 Bc5 8. Nc3
O-O 9. Bg5 Be6 10. Nd2 h6 11. Bxf6 gxf6 12. Nb3 Bb6 13. Qd2 Kh7 14. Kh1 Ne7 15.
f4 d4 16. Nd1 Bd5 17. fxe5 fxe5 18. Rf6 Ng8 19. Rf2 f5 20. Kg1 Bxg2 21. Rxg2
Nf6 22. Qe1 Qe8 23. Qf1 Qh5 24. Nd2 Rf7 25. Rc1 Rg8 26. Qf3 Qg5 27. Rc2 Rfg7
28. Nf2 Ba5 29. Nc4 Rc8 30. h4 Qh5 31. Qxh5 Nxh5 32. g4 Nf4 33. Rg3 b5 34. b3
bxc4 35. bxc4 Rb8 36. e3 Rb1+ 37. Kh2 dxe3 38. Rxe3 Bc7 39. Rg3 e4 40. dxe4 Nh5
41. exf5 Nxg3 42. Kh3 Nxf5 43. gxf5 Rg3+ 0-1

[Event "36. Copenhagen Open (Politiken Cup)"]
[Site "Elsinore"]
[Date "2014.07.26"]
[Round "7"]
[White "Neffe, Axel"]
[Black "Haug, Johannes"]
[Result "0-1"]
[WhiteElo "2252"]
[BlackElo "2136"]
[PlyCount "98"]
[EventDate "2014.07.21"]
[EventType "swiss"]
[EventRounds "10"]
[EventCountry "DEN"]
[Source "ChessBase"]
[SourceDate "2014.08.29"]

1. d4 Nf6 2. c4 e6 3. Nc3 Bb4 4. Bg5 h6 5. Bh4 O-O 6. e3 b6 7. Bd3 Bb7 8. Nf3
g5 9. Bg3 Ne4 10. Qc2 f5 11. h3 d6 12. O-O-O Bxc3 13. bxc3 a6 14. Bh2 Nd7 15.
Ne1 b5 16. f3 Nef6 17. g4 Nb6 18. gxf5 bxc4 19. Be2 exf5 20. Qxf5 Qe8 21. Ng2
Ne4 22. Qa5 Nf2 23. e4 Nxh1 24. Rxh1 Qb5 25. Qa3 Bc6 26. Ne3 Rab8 27. Rg1 Kh7
28. h4 Bxe4 29. fxe4 Rf2 30. Rg2 Nd5 31. Rxf2 Qb1+ 32. Kd2 Rb2+ 33. Qxb2 Qxb2+
34. Nc2 Qxc3+ 35. Kd1 Nb4 36. Bg4 Nxc2 37. Bf5+ Kg7 38. Rxc2 Qxd4+ 39. Rd2 Qa1+
40. Ke2 Qh1 41. Ke3 Qc1 42. Ke2 c3 43. Be5+ dxe5 44. Rd7+ Kf6 45. hxg5+ Kxg5
46. Rg7+ Kh5 47. Rg4 c2 48. Kf3 Qd1+ 49. Kg3 Qxg4+ 0-1

[Event "36. Copenhagen Open (Politiken Cup)"]
[Site "Elsinore"]
[Date "2014.07.26"]
[Round "7"]
[White "Negi, Parimarjan"]
[Black "Rasmussen, Allan Stig"]
[Result "1/2-1/2"]
[WhiteElo "2645"]
[BlackElo "2522"]
[PlyCount "39"]
[EventDate "2014.07.21"]
[EventType "swiss"]
[EventRounds "10"]
[EventCountry "DEN"]
[Source "ChessBase"]
[SourceDate "2014.08.29"]

1. e4 e5 2. Nf3 Nc6 3. d4 exd4 4. Nxd4 Qf6 5. Nb5 Bc5 6. Qf3 Bb6 7. Qg3 d6 8.
N1c3 Ba5 9. Bd2 Nge7 10. Na3 Bb4 11. Nc4 Be6 12. O-O-O Qg6 13. Qh4 O-O-O 14.
Ne3 f6 15. Ncd5 Bxd2+ 16. Rxd2 Qf7 17. f4 f5 18. Bd3 Rde8 19. Qf2 Kb8 20. Nxe7
1/2-1/2

[Event "36. Copenhagen Open (Politiken Cup)"]
[Site "Elsinore"]
[Date "2014.07.26"]
[Round "7"]
[White "Neu, Alexandre"]
[Black "Edwardsson, Hannu Kalervo"]
[Result "1-0"]
[WhiteElo "1760"]
[BlackElo "1455"]
[PlyCount "55"]
[EventDate "2014.07.21"]
[EventType "swiss"]
[EventRounds "10"]
[EventCountry "DEN"]
[Source "ChessBase"]
[SourceDate "2014.08.29"]

1. e4 e5 2. Nf3 d6 3. d4 exd4 4. Nxd4 g6 5. Nc3 Nf6 6. Be2 Bg7 7. Be3 O-O 8.
Qd2 c5 9. Ndb5 Ne8 10. O-O-O Nc6 11. Nxd6 Nxd6 12. Bxc5 Re8 13. Bxd6 Bxc3 14.
Qxc3 Qg5+ 15. f4 Qa5 16. Qxa5 Nxa5 17. Bd3 Be6 18. Kb1 Nc6 19. h3 f6 20. g4 Bf7
21. h4 h6 22. g5 h5 23. gxf6 Re6 24. e5 Ree8 25. Rhg1 Kh7 26. f5 Rg8 27. e6 Be8
28. f7 1-0

[Event "36. Copenhagen Open (Politiken Cup)"]
[Site "Elsinore"]
[Date "2014.07.26"]
[Round "7"]
[White "Nielsen, Jan Mose"]
[Black "Akdag, Dara Sevkan"]
[Result "0-1"]
[WhiteElo "2078"]
[BlackElo "2236"]
[PlyCount "64"]
[EventDate "2014.07.21"]
[EventType "swiss"]
[EventRounds "10"]
[EventCountry "DEN"]
[Source "ChessBase"]
[SourceDate "2014.08.29"]

1. e4 c5 2. d4 cxd4 3. c3 dxc3 4. Nxc3 e6 5. Nf3 Nc6 6. Bc4 d6 7. O-O a6 8. Qe2
Be7 9. Rd1 e5 10. b4 Nf6 11. h3 O-O 12. a4 Be6 13. Bxe6 fxe6 14. Ba3 Nh5 15.
Qa2 Rxf3 16. gxf3 Nf4 17. Ne2 Nxe2+ 18. Qxe2 Bh4 19. Bc1 Nd4 20. Rxd4 exd4 21.
Qc4 Qf6 22. Bb2 Rf8 23. Bxd4 Qg5+ 24. Kh1 d5 25. Qc7 Qh6 26. Rg1 Bf6 27. Bxf6
Qxh3+ 28. Qh2 Qxf3+ 29. Rg2 Qxf6 30. exd5 exd5 31. Qc7 Qf7 32. Qd6 Re8 0-1

[Event "36. Copenhagen Open (Politiken Cup)"]
[Site "Elsinore"]
[Date "2014.07.26"]
[Round "7"]
[White "Nielsen, Jens Holm"]
[Black "Rasmussen, Morten Fredsgaard"]
[Result "0-1"]
[WhiteElo "1802"]
[BlackElo "1949"]
[PlyCount "158"]
[EventDate "2014.07.21"]
[EventType "swiss"]
[EventRounds "10"]
[EventCountry "DEN"]
[Source "ChessBase"]
[SourceDate "2014.08.29"]

1. Nc3 d5 2. e4 c6 3. g3 dxe4 4. Nxe4 Nf6 5. Nxf6+ gxf6 6. Bg2 Bf5 7. d3 Nd7 8.
Nf3 Ne5 9. Nxe5 Qa5+ 10. Qd2 Qxe5+ 11. Qe3 Qa5+ 12. Bd2 Qb5 13. Bc3 e5 14. a4
Qc5 15. Qf3 Qd5 16. Qxd5 cxd5 17. Bxd5 Rb8 18. O-O Bd6 19. Kg2 O-O 20. Rfe1
Rfd8 21. Bb3 Be6 22. Bxe6 fxe6 23. Re2 Kf7 24. a5 Rbc8 25. Ra4 a6 26. d4 exd4
27. Bxd4 Be7 28. Bc3 e5 29. Rd2 Bd6 30. Re2 Bc7 31. Rh4 Kg6 32. Rg4+ Kf7 33.
Rh4 Kg6 34. Rc4 Rd7 35. Rd2 Rcd8 36. Rxd7 Rxd7 37. Kf3 Bd6 38. Ke2 Kf7 39. g4
Ke6 40. f4 Bc7 41. fxe5 fxe5 42. h3 Kd5 43. b3 Rf7 44. Be1 Bd8 45. Bf2 Ke6 46.
Bb6 Bh4 47. Be3 Bd8 48. b4 Be7 49. Bc5 Kd5 50. Rc3 Bxc5 51. Rxc5+ Kd4 52. c3+
Ke4 53. Rc4+ Kd5 54. Rc8 Ke4 55. Rd8 Rf3 56. Rd7 Rxh3 57. Rxb7 Rh2+ 58. Kf1 Kf3
59. Rf7+ Kxg4 60. Rf2 Rh3 61. c4 Rb3 62. c5 Rxb4 63. Rc2 Kf3 64. Rc3+ Ke4 65.
c6 Rb8 66. Rh3 Rc8 67. Rxh7 Rxc6 68. Ra7 Ke3 69. Kg2 e4 70. Rb7 Rd6 71. Rb6
Rd2+ 72. Kg3 Rd3 73. Rb2 Ra3 74. Kg2 Rxa5 75. Rb3+ Kf4 76. Rb2 Ra3 77. Kf2 a5
78. Ke2 a4 79. Kf2 e3+ 0-1